Solar energy : (Record no. 26186)

MARC details
000 -LEADER
fixed length control field 02028cam a22003257a 4500
001 - CONTROL NUMBER
control field 14802825
003 - CONTROL NUMBER IDENTIFIER
control field OSt
005 - DATE AND TIME OF LATEST TRANSACTION
control field 20220106111942.0
008 - FIXED-LENGTH DATA ELEMENTS--GENERAL INFORMATION
fixed length control field 070410s2001 enkab b 001 0 eng d
010 ## - LIBRARY OF CONGRESS CONTROL NUMBER
LC control number 2007310135
015 ## - NATIONAL BIBLIOGRAPHY NUMBER
National bibliography number GBA2-23548
020 ## - INTERNATIONAL STANDARD BOOK NUMBER
International Standard Book Number 1902916239
020 ## - INTERNATIONAL STANDARD BOOK NUMBER
International Standard Book Number 9781902916231 (hbk.)
035 ## - SYSTEM CONTROL NUMBER
System control number (OCoLC)ocm47901921
040 ## - CATALOGING SOURCE
Original cataloging agency LHA
Transcribing agency HU
Modifying agency UMC
-- OCLCQ
-- UKM
-- BAKER
-- YDXCP
-- DLC
042 ## - AUTHENTICATION CODE
Authentication code lccopycat
050 00 - LIBRARY OF CONGRESS CALL NUMBER
Classification number TJ810.7
Item number .S66 2001
082 04 - DEWEY DECIMAL CLASSIFICATION NUMBER
Classification number 621.47 SOL 2001
Edition number 21
245 00 - TITLE STATEMENT
Title Solar energy :
Remainder of title the state of the art : ISES position papers /
Statement of responsibility, etc. edited by Jeffrey Gordon.
260 ## - PUBLICATION, DISTRIBUTION, ETC.
Place of publication, distribution, etc. London :
Name of publisher, distributor, etc. James & James,
Date of publication, distribution, etc. c2001.
300 ## - PHYSICAL DESCRIPTION
Extent xviii, 706 :
Other physical details ill., map ;
Dimensions 24 cm.
504 ## - BIBLIOGRAPHY, ETC. NOTE
Bibliography, etc. note Includes bibliographical references and index.
505 00 - FORMATTED CONTENTS NOTE
Title Solar and natural resources for a better efficiency in the built environment /
Statement of responsibility M. Santamouris --
Title Glazings and coatings /
Statement of responsibility K.G. Terry Hollands, J.L. Wright and C.G. Granqvist --
Title Selectively solar-absorbing coatings /
Statement of responsibility E. Wäckelgård, G.A. Niklasson and C.G. Granqvist --
Title Solar collectors /
Statement of responsibility Graham L. Morrison --
Title Solar water heating /
Statement of responsibility Graham L. Morrison --
Title Photovoltaic physics and devices /
Statement of responsibility Martin A. Green --
Title Solar concentrators /
Statement of responsibility R. Winston --
Title Cost of pollution and the benefit of solar energy /
Statement of responsibility A. Rabl and J.V. Spadaro --
Title Solar process heat: distillation, drying, agricultural and industrial uses /
Statement of responsibility B. Norton --
Title Solar resource assessment: a review /
Statement of responsibility R. Perez, R. Aguiar, M. Collares-Pereira, D. Dumortier, V. Estrada-Cajigal, C. Gueymard, P. Ineichen, P. Littlefair, H. Lund, J. Michalsky, J.A. Olseth, D. Renné, M. Rymes, A. Skartveit, F. Vignola and A. Zelenak --
Title Solar thermal electricity /
Statement of responsibility D.R. Mills --
Title Wind energy review /
Statement of responsibility D. Milborrow.
650 #0 - SUBJECT ADDED ENTRY--TOPICAL TERM
Topical term or geographic name entry element Solar energy.
9 (RLIN) 27284
700 1# - ADDED ENTRY--PERSONAL NAME
Personal name Gordon, Jeffrey M.
9 (RLIN) 27285
710 2# - ADDED ENTRY--CORPORATE NAME
Corporate name or jurisdiction name as entry element International Solar Energy Society.
9 (RLIN) 27286
906 ## - LOCAL DATA ELEMENT F, LDF (RLIN)
a 7
b cbc
c copycat
d u
e ncip
f 20
g y-gencatlg
942 ## - ADDED ENTRY ELEMENTS (KOHA)
Source of classification or shelving scheme Dewey Decimal Classification
Koha item type Books like text book referance book
Suppress in OPAC No
Holdings
Withdrawn status Lost status Source of classification or shelving scheme Damaged status Not for loan Collection code Home library Current library Shelving location Date acquired Total Checkouts Full call number Barcode Date last seen Copy number Price effective from Koha item type
    Dewey Decimal Classification     Reference Wondo Genet Library Wondo Genet Library General Stacks 01/06/2022   621.47 SOL 2001 WGCFNRL00010019 01/06/2022 1 01/06/2022 Books like text book referance book